000 00627nam a2200181Ia 4500
008 100921s9999 xx 000 0 und d
082 _b37804
_a891.463 न 04
100 _aअष्टीकर मंदाकिनी.
245 _aहळवे सूर.
260 _bनिशिगंधा प्रकाशन,पुणे.
_c2004
300 _a183
_bजयेश एजन्सी,पुणे.
365 _b175
520 _aललित-कादंबरी.
630 _aहळवे सूर.
650 _aललित-कादंबरी.
730 _aहळवे सूर.
942 _cBOOK
999 _c786917
_d786914